Responses for Show #5813 - Wednesday, December 16, 2009

Contestants

[<< previous game]

Kevin Cuddeback, an online marketing executive from Medford, Massachusetts

Bridget Lynch, a nanny from Bryn Mawr, Pennsylvania

Jennifer Montgomery, a jazz radio station development director from Encinitas, California (whose 2-day cash winnings total $28,799)

[next game >>]

Jeopardy! Round responses

SPACE
REALITY SHOW RUNNERS-UP
BIRDS WITHIN WORDS
(Alex: Within words in the clue.)
EGG LIT
I'VE GOT A COMPLAINT
THE 8 DAYS OF HANUKKAH
    $200 7
a space elevator

Triple Stumper
    $200 1
Survivor

Kevin
    $200 16
a loon

Kevin
    $200 21
Horton

Kevin
    $200 26
fattening

Triple Stumper
    $200 2
a menorah

Kevin
    $400 8
a meteor

Kevin
    $400 10
Susan Boyle

Jennifer
    $400 17
an eagle

Jennifer
    $400 22
a goose

Kevin
    $400 27
Samson

Jennifer
    $400 3
chocolate

Kevin
    $600 9
Mercury

Jennifer
    $600 11
Clay Aiken

Jennifer
    $600 18
an emu

Jennifer
    $600 23
Gulliver

Jennifer
    $600 28
Kmart & Wal-Mart

Kevin
    $600 4
a dreidel

Jennifer
    $800 14
Venus

Kevin
    $800 12
Shawn Johnson

Jennifer
    $800 19
an ibis

Kevin
    $800 24
The Great Gatsby

Jennifer
    $800 29
(Jennifer: What is subpoena?)

a summons

Jennifer
Triple Stumper
    $800 5
latkes

Jennifer
    $1000 15
the Kuiper belt

Kevin
    $1000 13
Annie Duke

Jennifer
    $1000 20
auk

Bridget
    $2,000 25
Toni Morrison

Jennifer
    $1000 30
the Equal Employment Opportunity Commission

Kevin
    $1000 6
Judas Maccabeus

Kevin

Scores at the first commercial break (after clue 15):

Jennifer Bridget Kevin
$4,800 $0 $4,000

Scores at the end of the Jeopardy! Round:

Jennifer Bridget Kevin
$8,800 $1,000 $7,200

Double Jeopardy! Round responses

VENICE
A PERFORMER'S EDUCATION
I WAS HIS SECRETARY OF STATE
(Alex: We'll give you the Secretary of State. You identify the president that individual worked for.)
BRAND NAMES
COMPOSE YOURSELF
"D.P."
    $400 16
doge

Kevin
    $400 23
(Renée) Zellweger

Bridget
    $400 6
(Kevin: Uh, who is Madison?)

Washington

BridgetKevin
    $400 11
Land O'Lakes

Jennifer
    $400 21
Chopin

Kevin
    $400 1
dill pickles

Bridget
    $800 17
UNESCO

Kevin
    $800 27
Edward Norton

Jennifer
    $800 7
Ronald Reagan

Kevin
    $800 12
Mr. Bubble

Kevin
    $800 22
Tchaikovsky

Jennifer
    $800 2
Domino's Pizza

Bridget
    $1200 18
Portugal

Triple Stumper
    $1200 28
Debra Messing

Jennifer
    $1200 8
Clinton

Jennifer
    $1200 13
Terrific

Kevin
    $1200 24
George Gershwin

Triple Stumper
    $1200 3
depth perception

Kevin
    $1600 19
(Kevin: What is canteen?)

arsenal

Kevin
Triple Stumper
    $1600 29
[The end-of-round signal sounds.]

Ben Stiller

Bridget
    $2,000 9
(Jennifer: Who is Johnson?)
(Alex: No. George Marshall was Secretary of State after World War II for [*].)

Harry Truman

Jennifer
    $2,200 14
(Kevin: [Shakes head, mouths "No"])

Lea & Perrins

Kevin
    $1600 25
(Kevin: Who is Mozart?)

Franz Liszt

Kevin
Triple Stumper
    $1600 4
due process

Bridget
    $2000 20
the Lido

Triple Stumper
    $2000 10
Carter

Bridget
    $2000 15
Sanka

Jennifer
    $2000 26
Aaron Copland

Triple Stumper
    $2000 5
devil's paintbrush

Triple Stumper

Scores at the end of the Double Jeopardy! Round:

Jennifer Bridget Kevin
$13,200 $8,200 $7,000

[wagering suggestions for these scores]

Final Jeopardy! Round responses

1970s BESTSELLERS
(Alex: [To Jennifer] We see that on boxes of Wheaties, and it's a famous novel by Kurt Vonnegut Jr., and it is the correct response.)
KevinWhat is Captian Crunch?
$2,000
BridgetWhat is ???
$2,000
JenniferWhat is Breakfast of Champions?
$3,201
Breakfast of Champions

Final scores:

Jennifer Bridget Kevin
$16,401 $6,200 $5,000
3-day champion: $45,200 2nd place: $2,000 3rd place: $1,000

Game dynamics:

Coryat scores:

Jennifer Bridget Kevin
$14,200 $8,200 $9,200
19 R
(including 1 DD),
2 W
(including 1 DD)
8 R,
0 W
20 R,
4 W
(including 1 DD)

Combined Coryat: $31,600

[game clues] [game scores] [suggest correction]

Game tape date: 2009-11-04
The J! Archive is created by fans, for fans. Scraping, republication, monetization, and malicious use prohibited; this site may use cookies and collect identifying information. See terms. The Jeopardy! game show and all elements thereof, including but not limited to copyright and trademark thereto, are the property of Jeopardy Productions, Inc. and are protected under law. This website is not affiliated with, sponsored by, or operated by Jeopardy Productions, Inc. Join the discussion at JBoard.tv.